| 000 | 00590nam a2200205Ia 4500 | ||
|---|---|---|---|
| 003 | GCL | ||
| 008 | 140319s9999 xx 000 0 eng d | ||
| 020 | _a082134997X | ||
| 040 |
_aGCL / _cGCL |
||
| 082 | 0 | 4 |
_a382 _bH D |
| 100 | 1 | _aHOEKMAN, BERNARD | |
| 245 | 1 | 0 |
_aDEVELOPMENT, TRADE AND THE WTO / _cHOEKMAN, BERNARD |
| 700 | 1 | _aMATTOO, AADITYA | |
| 260 |
_aنيويورك : _bTHE WORLD BANK ، _c2002 |
||
| 300 |
_a26 CM ؛ _c641 P |
||
| 650 | 0 | 4 | _aINTERNATIONAL TRADE |
| 650 | 0 | 4 | _aINTERNATIONAL ECONOMIC RELATIONS |
| 650 | 0 | 4 | _aWORLD TRADE ORGANIZATION - HANDBOOKS |
| 942 |
_2ddc _cBK |
||
| 999 |
_c5718 _d5718 |
||